| 000 | 00820nam a2200241 i 4500 | ||
|---|---|---|---|
| 001 | 110670 | ||
| 003 | ES-MaACL | ||
| 007 | t| | ||
| 008 | 070117s1961 sp ||||1| spa d | ||
| 080 | _a916 | ||
| 245 | 0 | 0 |
_aAfrica negra _b: Etiopía, Madagascar / _cDoré Ogrizek ; prólogo de Maurice Bedel ; textos de Raphael Barquissau...[et al.] ; ilustraciones de Beuville...[et al.]. |
| 260 |
_aMadrid : _bCastilla, _c1961. |
||
| 300 |
_a461 p. : _bil. col., fot. ; _c18 cm. |
||
| 490 | 1 |
_aEl mundo en color ; _v23 |
|
| 651 | 4 |
_aÁfrica- _xDescripción _97593 |
|
| 700 | 1 |
_aOgrizek, Doré. _986581 |
|
| 700 | 1 |
_aBedel, Maurice. _926991 |
|
| 700 | 1 |
_aBarquissau, Raphael. _925801 |
|
| 700 | 1 |
_aBeuville. _9185630 |
|
| 830 | 0 |
_aEl mundo en color ; _v23 _9185631 |
|
| 852 |
_aES-MaACL _jE-3773 |
||
| 999 |
_c110670 _d110670 |
||